00929njm a22001937a 450000500170000000800410001704100080005810000190006624500280008526000190011326000160013226000090014830000130015730000180017050504880018865000260067665000230070265000100072520220720161006.0190311b xxu||||| |||| 00| 0 spa d aspa aSagot, Jacques aLiszt Sonata in B Minor aEstados Unidos bDisc Makers c1998 a1 CD-ROM a58:07 minutos aSkryabin: 1. Etude Op. 2, N° 1. 2. Etude Op. 8, N° 12. Chopin: 3. Mazurka Op. 7, N° 3. 4. Mazurka Op. 17, N° 1. 5. Polonaise Op. 26, N° 1. Ginastera: 6. Suite de Danzas Criollas Op. 15 Adagietto Pianissimo. 7. Suite de Danzas Criollas Op. 15 Allegro Rustico. 8. Suite de Danzas Criollas Op. 15 Allegretto Cantable. 9. Suite de Danzas Criollas Op. 15 Calmo E Poetico. 10. Suite de Danzas Criollas Op. 15 Scherzando and Coda: Presto Ed Energico. Liszt: 11. Sonata in B Minor. aMÚSICA INSTRUMENTAL aMÚSICA CLÁSICA aPIANO